Educating the gifted: A book of readings/ (Record no. 36729)

000 -LEADER
fixed length control field 00403nam a2200145Ia 4500
008 - FIXED-LENGTH DATA ELEMENTS--GENERAL INFORMATION
fixed length control field 190923s9999||||xx |||||||||||||| ||und||
100 ## - MAIN ENTRY--AUTHOR NAME
Personal name French, Joseph L., ed.
245 #0 - TITLE STATEMENT
Title Educating the gifted: A book of readings/
250 ## - EDITION STATEMENT
Edition statement rev.
260 ## - PUBLICATION, DISTRIBUTION, ETC. (IMPRINT)
Place of publication New York:
Name of publisher Holt, Rinehart & Winston,
Year of publication 1964
300 ## - PHYSICAL DESCRIPTION
Number of Pages xi, 514
650 ## - SUBJECT ADDED ENTRY--TOPICAL TERM
Topical Term Education-Study and Teaching
942 ## - ADDED ENTRY ELEMENTS (KOHA)
Koha item type Books
Holdings
Lost status Damaged status Not for loan Collection code Permanent Location Current Location Shelving location Full call number Accession Number Koha item type
        RIE AJMER LIBRARY RIE AJMER LIBRARY General Stacks 371.95 FRE-E 50282 Books

Powered by Koha